| 000 | 00991nam a22002537a 4500 | ||
|---|---|---|---|
| 999 |
_c7297 _d7297 |
||
| 003 | OSt | ||
| 005 | 20200608151316.0 | ||
| 008 | 200608t20192020sp ad 001 0 spa|d | ||
| 017 |
_aDL M. 21.014-2019 _bOficina DL Madrid |
||
| 020 | _a9788441541627 | ||
| 040 |
_aES-BaUAB _bcat _cCDMR |
||
| 100 | 1 | _aCaballero Velasco, María Ángeles, | |
| 245 | 1 | 0 |
_aCiberseguridad y transformación digital _b: cloud, identidad digital, blockchain, agile, inteligencia artifical... / _cMaría Ángeles Caballero Velasco, Diego Cilleros Serrano |
| 260 |
_aMadrid : _bAnaya Multimedia, _c[2019] |
||
| 300 |
_a311 p : _bil. ; _c23 cm |
||
| 504 | _aÍndex | ||
| 650 | 0 | 4 | _aSeguretat informàtica |
| 650 | 0 | 7 |
_aDelictes informàtics _xPrevenció _2lemac |
| 650 | 0 | 4 |
_aInformació _xSistemes d'emmagatzematge i recuperació _xMesures de seguretat _94504 |
| 650 | 0 | 7 |
_aInternet _xMesures de seguretat _2lemac _93592 |
| 650 | 0 | 4 |
_aProtecció de dades _93998 |
| 700 | 1 |
_aCilleros Serrano, Diego, _eautor |
|
| 942 | _cMON | ||